La Familia Real Española = La Família Reial Espanyola / textos, Antonio Fontan
Descripción Física:
128 p. : principalment il., col. ; 28 cm
Materias:
Espanya -- Reis i sobirans
MARC
| LEADER | 00000nam a2200000Ia 4500 | ||
|---|---|---|---|
| 001 | 958 | ||
| 008 | 160829s1983 xx 000 0 cat d | ||
| 080 | |a M-3-144 | ||
| 100 | |a Fontán Pérez, Antonio |9 24533 | ||
| 245 | |a La Familia Real Española = La Família Reial Espanyola / textos, Antonio Fontan | ||
| 260 | |a Madrid : |b Punto Editorial, |c 1983 | ||
| 300 | |a 128 p. : |b principalment il., col. ; |c 28 cm | ||
| 590 | |a Gentilesa de la Caixa d'Estalvis de Catalunya. | ||
| 651 | 0 | |a Espanya |x Reis i sobirans |9 54042 | |
| 901 | |a Arxiu | ||
| 942 | |n 1 | ||
| 952 | |0 0 |1 0 |4 0 |6 M3144 |7 1 |9 43197 |a Arxiu |b Arxiu |d 2016-12-01 |l 0 |o M-3-144 |p 958 |r 2016-12-01 00:00:00 |w 2016-12-01 |y ARXIU | ||
| 999 | |c 45741 |d 45741 | ||